[Event "CRO-chT3 Center-A"]
[Site "Zagreb"]
[Date "2011.10.23"]
[Round "10.26"]
[White "Fiamengo, Josko"]
[Black "Kruljac, Petra"]
[Result "0-1"]
[WhiteElo "2015"]
[BlackElo "2073"]
[PlyCount "82"]
[EventDate "2011.03.13"]
[EventType "team-tourn"]
[EventRounds "11"]
[EventCountry "CRO"]
[SourceTitle "EXT 2014"]
[Source "ChessBase"]
[SourceDate "2013.11.20"]
[SourceVersion "1"]
[SourceVersionDate "2013.11.20"]
[SourceQuality "1"]

1. e4 e6 2. d4 d5 3. Nc3 Bb4 4. e5 c5 5. a3 Bxc3+ 6. bxc3 Ne7 7. Bd3 b6 8. Nf3 Ba6 9. a4 Bxd3 10. cxd3 Qc7 11. 0-0 Nd7 12. Ba3 0-0 13. Re1 Rfc8 14. Rc1 Ng6 15. h4 h6 16. Qd2 Qd8 17. g3 c4 18. h5 Ngf8 19. Bd6 Nh7 20. Kg2 Ndf8 21. Rh1 cxd3 22. Qxd3 Rc4 23. Ra1 Rac8 24. Rhc1 a5 25. Rc2 Qd7 26. Rb1 Qc6 27. Nd2 Rxa4 28. Qa6 Nd7 29. Qd3 Ng5 30. f3 f5 31. Rbc1 Nf7 32. Be7 Re8 33. Bh4 Ra3 34. Qe2 b5 35. Nb1 Ra4 36. Qd3 Ra1 37. g4 fxg4 38. fxg4 Ra4 39. Qg6 Ndxe5 40. dxe5 Nxe5 41. Qxe8+ Qxe8 0-1

[Event "CRO-chT3 Center-A"]
[Site "Zagreb"]
[Date "2011.10.16"]
[Round "9.65"]
[White "Fiamengo, Josko"]
[Black "Glasinovic, Juraj"]
[Result "1-0"]
[WhiteElo "2015"]
[BlackElo "1838"]
[PlyCount "45"]
[EventDate "2011.03.13"]
[EventType "team-tourn"]
[EventRounds "11"]
[EventCountry "CRO"]
[SourceTitle "EXT 2014"]
[Source "ChessBase"]
[SourceDate "2013.11.20"]
[SourceVersion "1"]
[SourceVersionDate "2013.11.20"]
[SourceQuality "1"]

1. e4 e6 2. d4 d5 3. exd5 Qxd5 4. Nf3 Nf6 5. c4 Qd8 6. Nc3 b6 7. Ne5 Bb7 8. Qa4+ c6 9. Be3 Be7 10. Bd3 0-0 11. 0-0 Nbd7 12. Rad1 a6 13. Rd2 Rc8 14. Rfd1 h6 15. Ne4 Nxe4 16. Bxe4 Nf6 17. Bf3 a5 18. d5 Rc7 19. dxc6 Bxc6 20. Nxc6 Qe8 21. Nxe7+ Rxe7 22. Qxe8 Rfxe8 23. Bxb6 1-0

[Event "CRO-chT3 Center-A"]
[Site "Zagreb"]
[Date "2011.04.03"]
[Round "4.36"]
[White "Klement, Dubravko"]
[Black "Fiamengo, Josko"]
[Result "0-1"]
[WhiteElo "1972"]
[BlackElo "2015"]
[PlyCount "102"]
[EventDate "2011.03.13"]
[EventType "team-tourn"]
[EventRounds "11"]
[EventCountry "CRO"]
[SourceTitle "EXT 2014"]
[Source "ChessBase"]
[SourceDate "2013.11.20"]
[SourceVersion "1"]
[SourceVersionDate "2013.11.20"]
[SourceQuality "1"]

1. d4 d5 2. c4 c6 3. Nf3 Nf6 4. e3 e6 5. Nc3 Be7 6. Be2 0-0 7. 0-0 a6 8. b3 Nbd7 9. Bb2 b6 10. Rc1 Bb7 11. Qc2 Rc8 12. e4 dxe4 13. Nxe4 Qc7 14. Rfd1 Rfd8 15. Ng3 Bd6 16. Qd2 Bf4 17. Qd3 Bxc1 18. Rxc1 Qf4 19. Qe3 Qxe3 20. fxe3 c5 21. Nd2 cxd4 22. exd4 Nf8 23. Bd3 Ng6 24. Rf1 Nh4 25. Nde4 Nxe4 26. Nxe4 Nf5 27. Ng5 h6 28. Bxf5 exf5 29. Nh3 Be4 30. Nf4 Rc6 31. d5 Rcc8 32. Nh5 f6 33. Nf4 b5 34. Rc1 Kf7 35. Kf2 Rd7 36. Ne6 Rb7 37. Ba3 bxc4 38. bxc4 Rb1 39. Rc3 Bxd5 40. Nc5 Be6 41. Nxe6 Kxe6 42. Re3+ Kf7 43. Re7+ Kg6 44. c5 Rc6 45. Rd7 Rb5 46. Ke3 Ra5 47. Rd3 Ra4 48. Rb3 Kf7 49. Kd2 Ke6 50. Rd3 g5 51. Kc3 Rxa3+ 0-1

[Event "CRO-chT3A Center"]
[Site "Zagreb"]
[Date "2010.04.18"]
[Round "4.65"]
[White "Mesaric, Darko"]
[Black "Fiamengo, Josko"]
[Result "0-1"]
[WhiteElo "2052"]
[BlackElo "1993"]
[PlyCount "88"]
[EventDate "2010.03.21"]
[EventType "team-tourn"]
[EventRounds "11"]
[EventCountry "CRO"]
[SourceTitle "EXT 2012"]
[Source "ChessBase"]
[SourceDate "2011.11.24"]
[SourceVersion "1"]
[SourceVersionDate "2011.11.24"]
[SourceQuality "1"]

1. d4 d5 2. Nf3 c6 3. Bf4 Nf6 4. e3 e6 5. Nbd2 Be7 6. c3 0-0 7. Bd3 Nbd7 8. Ne5 Nxe5 9. dxe5 Nd7 10. Qh5 f5 11. g4 g6 12. Qh6 Nc5 13. Bc2 Rf7 14. Rg1 Bf8 15. Qh3 Bg7 16. Nf3 Rf8 17. 0-0-0 Ne4 18. Qg2 Qa5 19. Kb1 Qb6 20. Bxe4 fxe4 21. Nd4 Bd7 22. h4 h6 23. Qh2 Rae8 24. Rg2 Qd8 25. Qh3 Qe7 26. Rh2 a6 27. Ne2 b5 28. Bg3 b4 29. Nf4 bxc3 30. Nxg6 Qb4 31. f4 exf3 32. Nxf8 Qe4+ 33. Rc2 Rxf8 34. Bf4 c5 35. Rf1 Bb5 36. Qxf3 Bxf1 37. Qxf1 Bxe5 38. Qxa6 Bxf4 39. exf4 Rxf4 40. bxc3 c4 41. Kb2 Rf7 42. g5 d4 43. Rh2 dxc3+ 44. Ka3 c2 0-1